| 000 | 01808nam a2200301 a 4500 | ||
|---|---|---|---|
| 001 | 000000486 | ||
| 003 | DO-SdBNP | ||
| 005 | 20170925113804.0 | ||
| 007 | 000000486 | ||
| 008 | 081209s2007 dr a 000 0 spa d | ||
| 020 | _a9993425702 | ||
| 040 |
_aBPMSU _bspa _cBPMSU |
||
| 082 | 4 |
_a711.4 _bV145r |
|
| 100 | 1 | _aValdez, Cristóbal | |
| 245 | 1 | 0 |
_aReflexiones urbanas : _bartículos y cartas / _cCristóbal Valdez. |
| 260 |
_aSanto Domingo : _bINTEC, _c2007. |
||
| 300 |
_a199 p. : _bil. ; _c23 cm. |
||
| 505 | 1 |
_aPrólogo -- _tArtículos. Cirugía urbana dominicana -- _tCirugía urbana dominicana II -- _tDesarticulación de los servicios de la ciudad -- _tEl Parque Independencia: una buena oportunidad -- _tEl espacio urbano y el espacio humano I -- _tEl espacio urbano y el espacio humano II -- _tTransporte urbano: una solución integral -- _tSobre el ejercicio profesional -- _tRápidamente con Cristóbal Valdez. La arquitectura y el Malecón -- _tPor fin ... El Conde Peatonal -- _tEvitemos más ciénagas -- _tRevitalización de centros históricos -- _tLos pasos a desnivel de la 27 de Febrero... el rábano por las hojas otra vez -- _tLa ciudad de Santo Domingo en el nuevo milenio. Un sueño posible -- _tPlan para el sector vivienda y asentamientos humanos -- _tCartas -- _tCharlas, talleres y conferencias. |
|
| 650 | 4 |
_aREHABILITACIÓN URBANA _zREPÚBLICA DOMINICANA (SANTO DOMINGO) _xENSAYOS, CONFERENCIAS, ETC |
|
| 650 | 4 |
_aURBANISMO _zREPÚBLICA DOMINICANA (SANTO DOMINGO) _xENSAYOS, CONFERENCIAS, ETC |
|
| 650 | 4 | _aPLANIFICACIÓN DE LA CIUDAD | |
| 700 | 1 | 2 |
_aBolívar Díaz, Juan, _epról. |
| 710 | 1 | _aInstituto Técnologico de Santo Domingo | |
| 910 | _aValidado. Control de calidad MFF | ||
| 942 |
_2ddc _cBK |
||
| 945 | _aInventariado / 2017 VM | ||
| 956 |
_aVMATEO _b10 _c20150805 _lBPMSU _h00151 |
||
| 999 |
_c8073 _d8073 |
||